Hint | Answer |
| * BA, HR, IT * | | 83.8% | | * DE, DK, SE * | | 78.4% | | * IT * | | 77.9% | | * AT, CH, IT, SI, SM * | | 77.5% | | * FR, UK * | | 77% | | * UK * | | 76.7% | | * IE, UK * | | 76.5% | | * AT, BA, HR, HU, IT, SI * | | 76.2% | | * CY, TR * | | 75.7% | | * BE, DE, FR, NL * | | 74.8% | | * AL, BA, BG, GR, HR, IT, ME, MK, RS, XK * | | 73.8% | | * IE, UK * | | 73.3% | | * NO, SE * | | 73.3% | | * ES, PT * | | 73% | | * ES, PT * | | 73% | | * UK * | | 73% | | * EE, FI, LV, RU * | | 72.5% | | * BE, CH, DE, FR, LU * | | 71.8% | | * AT, CZ, DE, HU, PL, SI, SK * | | 71.6% | | * GR, TR * | | 71.3% | | * FI, NO, SE * | | 71.1% | | * BG, GR, MK, TR * | | 71.1% | | * FR, IT, VA, VA * | | 70.3% | | * IS * | | 70.1% | | * BY, LT, LV, PL, RU * | | 69.9% | | * MD, RO, UA * | | 69.9% | | * BA, BG, HR, HU, ME, RO, RS, XK * | | 69.4% | | * NO * | | 68.9% | | * FR * | | 68.4% | | * HU, PL, RO, SK, UA * | | 67.9% |
|
Hint | Answer |
| * NO * | | 67.6% | | * AD, ES, FR * | | 67.4% | | * AT, CH, CZ, DE, IT, LI * | | 67.4% | | * NO, SE * | | 67.2% | | * ES, PT * | | 65.9% | | * CH, FR, IT, MC * | | 65.9% | | * FI, SE * | | 65.7% | | * RU, TR * | | 65.7% | | * FI, RU * | | 65.4% | | * RU * | | 65.4% | | * ES, FR * | | 65% | | * FI, NO, RU * | | 65% | | * TR * | | 65% | | * RU, UA * | | 64.7% | | * RU, TR * | | 64.5% | | * PL, RU, SE * | | 64% | | * CZ, DE, PL * | | 64% | | * RU * | | 64% | | * RU * | | 64% | | * IS * | | 63.7% | | * UK * | | 63.5% | | * RU * | | 63% | | * RU * | | 63% | | * RU * | | 62.7% | | * RU * | | 62.5% | | * ES, FR * | | 62.3% | | * ES * | | 62.3% | | * RU * | | 62.3% | | * RU, UA * | | 62.3% | | * ES * | | 62% |
|
Hint | Answer |
| * DK, NO, SE * | | 62% | | * RU * | | 62% | | * IS * | | 61.3% | | * BG, RO, TR * | | 61% | | * GR, TR * | | 60.8% | | * RU, UA * | | 60.3% | | * FR * | | 60% | | * TR * | | 60% | | * RU * | | 59.6% | | * TR * | | 59.6% | | * IS * | | 59.3% | | * NO * | | 59.3% | | * FI, SE * | | 59.3% | | * TR * | | 59.3% | | * BY, LV, RU * | | 59.1% | | * IE * | | 58.1% | | * ES, FR, IT * | | 58.1% | | * FI, NO, SE * | | 58.1% | | * TR * | | 57.8% | | * MD, RO, UA * | | 57.6% | | * RU, UA * | | 56.6% | | * FI, RU * | | 56.1% | | * BY, PL, UA * | | 55.9% | | * TR * | | 55.9% | | * IT * | | 55.6% | | * DE, CZ * | | 55.4% | | * TR * | | 55.1% | | * GR * | | 52.9% | | * BG, RO, TR * | | 51.7% | | * BY, UA * | | 51.2% |
|
Comments